Loading...
| Science - Other Science | 0 | 5 | 0 | 0 | 50 | 36 | 72.00 | 0 | 5 |
| Science - Physics | 0 | 5 | 1 | 0 | 45 | 32 | 49.00 | 3 | 5 |
| Social Science | 0 | 4 | 0 | 2 | 40 | 71 | 102.00 | 1 | 4 |
| Fine Arts - Classical Music | 0 | 3 | 1 | 1 | 25 | 69 | 96.00 | 1 | 3 |
| Philosophy | 0 | 3 | 1 | 1 | 25 | 55 | 79.00 | 2 | 3 |
| Science - Chemistry | 0 | 3 | 1 | 0 | 25 | 41 | 67.33 | 1 | 3 |
| History - World History | 0 | 2 | 0 | 0 | 20 | 58 | 78.00 | 1 | 2 |
| Literature - British Literature | 0 | 2 | 0 | 0 | 20 | 82 | 84.50 | 0 | 2 |
| Fine Arts - Visual Fine Arts | 0 | 2 | 0 | 0 | 20 | 69 | 70.50 | 0 | 2 |
| Science - Biology | 0 | 2 | 0 | 0 | 20 | 45 | 63.00 | 0 | 2 |
| Fine Arts - Other Fine Arts | 0 | 2 | 0 | 0 | 20 | 63 | 78.50 | 1 | 2 |
| Mythology | 0 | 1 | 0 | 1 | 10 | 133 | 133.00 | 0 | 1 |
| History - Other History | 0 | 1 | 0 | 0 | 10 | 62 | 62.00 | 0 | 1 |
| Literature - World/Other Literature | 0 | 1 | 0 | 0 | 10 | 101 | 101.00 | 0 | 1 |
| Other Academic | 0 | 1 | 0 | 0 | 10 | 93 | 93.00 | 0 | 1 |
| History - European History | 0 | 1 | 0 | 0 | 10 | 72 | 72.00 | 0 | 1 |
| Geography/Current Events | 0 | 1 | 1 | 1 | 5 | 130 | 130.00 | 0 | 1 |
| Religion | 0 | 0 | 1 | 0 | -5 | 0.00 | 0 | 0 | |
| Literature - European Literature | 0 | 0 | 1 | 0 | -5 | 0.00 | 0 | 0 |